000 01015nam a22002537a 4500
005 20191224042300.0
008 160601s2015 ck a||||r|||| 00| 0 spa d
020 _a9789589365762
040 _aCO-BoIAVH
_cCO-BoIAVH
041 0 _aspa
044 _ack
082 0 4 _a577.38071
_bP98a12
100 1 _aRodríguez Peñuela, Blanca Beatriz
_eautora
245 1 0 _aPlantas medicinales y frutales del páramo de Chingaza /
_cBlanca Beatriz Rodríguez Peñuela
260 _aBogotá :
_bTropenbos Internacional Colombia :
_bUICN Sur,
_c2015.
300 _a25 páginas :
_bilustraciones (algunas a color) ;
_c16 x 21 cm.
500 _aProyecto comunidades de los páramos, fortaleciendo las capacidades y la coordinación para la adaptación a los efectos del cambio climático.
650 2 6 _aPlantas medicinales
650 1 6 _aPáramos
_xPlantas
650 2 4 _aPlantas frutales
650 2 6 _aÁrboles frutales
662 _aColombia
_bPáramo de Chingaza
942 _2ddc
_cLIBRO
999 _c18759
_d18759